| 000 | 00733nam a2200217 a 4500 | ||
|---|---|---|---|
| 005 | 20240920063923.0 | ||
| 008 | 020617s1998 es r 000 0 spa d | ||
| 020 | _a8441100047 | ||
| 035 | _aUPN01000117864 | ||
| 049 | _aCG | ||
| 050 | 4 |
_aLC5215 _bM4.3 1998 |
|
| 100 | 1 |
_aMedina Rivilla, Antonio _929279 |
|
| 245 | 1 | 0 |
_aEnseñanza y curriculum para la formación de personas adultas : _bel profesional de la educación de adultos / _cAntonio Medina Rivilla, Concha Domínguez. |
| 250 | _a2a ed. | ||
| 260 |
_aMadrid : _bPedagógicas, _c1998. |
||
| 300 | _a265 p. | ||
| 440 | 0 |
_aInvestigación y formación del profesorado ; _v8 |
|
| 650 | 4 |
_aEducación de adultos _9956 |
|
| 700 | 1 |
_aDomínguez, Concha, _ecoaut. |
|
| 905 | _aLibro | ||
| 999 |
_c90284 _d90284 |
||